000 00364nam a2200145Ia 4500
005 20240807062339.0
008 240806s9999||||xx |||||||||||||| ||eng||
041 _aeng
100 _aDurgadas Kashiram Sant
245 0 _aSodhvigyan kosh /
_cDurgadas Kashiram Sant
260 _bVani Prakashan New Delhi
300 _a0
650 _aGeneral Studies
942 _cBK
999 _c16243
_d16243